000
00288nam a22001337a 4500
008
170204b xxu||||| |||| 00| 0 eng d
020
_a
9780415505338
041
_a
eng
080
_2
3RD
_a
61
100
_a
3
101
_a
SHM
245
_a
TEM PHYSICIAN MANUAL
_c
LYLE, J
942
_2
udc
_c
BK
999
_c
4675
_d
4675